All Landlocked Countries by Population - Statistics

General Stats
  • This quiz has been taken 27 times
  • The average score is 26 of 45
Answer Stats
Population Answer % Correct
138,497,519 Ethiopia
95%
52,599,155 Uganda
79%
44,903,947 Afghanistan
68%
83,765 Andorra
68%
12,729,504 Bolivia
68%
24,539,988 Burkina Faso
68%
21,494,230 Chad
68%
40,000 Liechtenstein
68%
686,295 Luxembourg
68%
28,708,828 Niger
68%
12,406,640 South Sudan
68%
1,000 Vatican City
68%
5,676,922 Central African Republic
63%
10,530,349 Czech Republic
63%
25,845,324 Mali
63%
34,000 San Marino
63%
6,647,167 Serbia
63%
37,646,484 Uzbekistan
63%
9,107,705 Austria
58%
21,056,515 Kazakhstan
58%
29,624,068 Nepal
58%
22,449,887 Zambia
58%
801,295 Bhutan
53%
9,589,758 Hungary
53%
1,667,705 Kosovo
53%
2,385,946 Lesotho
53%
22,718,350 Malawi
53%
3,552,303 Mongolia
53%
5,452,174 Slovakia
53%
9,003,537 Switzerland
53%
10,956,452 Tajikistan
53%
2,933,349 Armenia
47%
10,448,423 Azerbaijan
47%
8,944,281 Belarus
47%
14,689,069 Burundi
47%
1,268,356 Eswatini
47%
14,852,888 Rwanda
47%
7,723,377 Turkmenistan
47%
17,235,716 Zimbabwe
47%
2,598,302 Botswana
42%
7,388,021 Kyrgyzstan
42%
7,962,256 Laos
42%
2,964,524 Moldova
42%
1,805,175 North Macedonia
42%
7,085,605 Paraguay
42%
No matching quizzes found
Score Distribution
Percent of People with Each Score
Percentile by Number Answered
Your Score History
You have not taken this quiz